F1 Firsts - Country Edition - Statistics

General Stats
  • This quiz has been taken 12 times
  • The average score is 6 of 41
Answer Stats
Nationality Grand Prix Driver % Correct
Argentina 1950 BritishGrand Prix Juan Manuel Fangio
100%
Poland 2006 Hungarian Grand Prix Robert Kubica
75%
Italy 1950 British Grand Prix Luigi Fagioli | Nino Farina
67%
Russia 2010 Bahrain Grand Prix Vitaly Petrov
50%
Malaysia 2001 Italian Grand Prix Alex Yoong
42%
China 2022 BahrainGrand Prix Zhou Guanyu
33%
India 2005 AustralianGrand Prix Narain Karthikeyan
25%
Czech Republic 2001 ItalianGrand Prix Tomáš Enge
25%
New Zealand 1958 German Grand Prix Bruce McLaren
17%
Liechtenstein 1973 French Grand Prix Rikky von Opel
17%
Chile 1981 USA WestGrand Prix Eliseo Salazar
17%
Austria 1964 AustrianGrand Prix Jochen Rindt
17%
Rhodesia 1962 South African Grand Prix John Love
17%
Monaco 1950 British Grand Prix Louis Chiron
17%
Mexico 1961 Italian Grand Prix Ricardo Rodríguez
17%
South Africa 1961 British Grand Prix Tony Maggs
17%
Hungary 2003 HungarianGrand Prix Zsolt Baumgartner
17%
United Kingdom 1950 British Grand Prix Geoffrey Crossley | Joe Fry | Bob Gerard | David Hampshire | Cuth Harrison | Leslie Johnson | David Murray | Reg Parnell | Peter Walker
8%
Ireland 1950 British Grand Prix Joe Kelly
8%
Finland 1974 BelgianGrand Prix Leo Kinnunen
8%
Canada 1961 United StatesGrand Prix Peter Ryan
8%
France 1950 BritishGrand Prix Philippe Étancelin | Yves Giraud-Cabantous | Eugène Martin | Louis Rosier
8%
Thailand 1950 British Grand Prix Prince Bira
8%
Indonesia 2016 AustralianGrand Prix Rio Haryanto
8%
Denmark 1973 SwedishGrand Prix Tom Belsø
8%
Brazil 1951 GermanGrand Prix Chico Landi
0%
Uruguay 1952 British Grand Prix Eitel Cantoni
0%
Sweden 1951 German Grand Prix Erik Lundgren
0%
East Germany 1952 GermanGrand Prix Ernst Klodwig | Rudolf Krause
0%
Venezuela 1960 Argentine Grand Prix Ettore Chimeri
0%
United States 1950 Monaco Grand Prix Harry Schell
0%
Japan 1975 Dutch Grand Prix Hiroshi Fushida
0%
Netherlands 1952 Dutch Grand Prix Jan Flinterman | Dries van der Lof
0%
Belgium 1950 BritishGrand Prix Johnny Claes
0%
Portugal 1959 Portuguese Grand Prix Mário Araújo de Cabral
0%
Spain 1951 Spanish Grand Prix Paco Godia | Juan Jover
0%
Germany /West Germany 1950 Italian Grand Prix Paul Pietsch
0%
Colombia 1981 BrazilianGrand Prix Ricardo Londoño
0%
Morocco 1958 Moroccan Grand Prix Robert La Caze
0%
Australia 1952 BelgianGrand Prix Tony Gaze
0%
Switzerland 1950 British Grand Prix Toulo de Graffenried
0%
No matching quizzes found
Score Distribution
Percent of People with Each Score
Percentile by Number Answered
Your Score History
You have not taken this quiz